Normal view
MARC view
Entry Personal Name
001 - CONTROL NUMBER
- control field: 72779
003 - CONTROL NUMBER IDENTIFIER
- control field: dpl
005 - DATE AND TIME OF LATEST TRANSACTION
- control field: 20241014122214.0
008 - FIXED-LENGTH DATA ELEMENTS
- fixed length control field: 241014|| aca||aabn | a|a d
040 ## - CATALOGING SOURCE
- Original cataloging agency: dpl
- Transcribing agency: dpl
100 ## - HEADING--PERSONAL NAME
- Personal name: प्रसून,प्रणय
670 ## - SOURCE DATA FOUND
- Source citation: Work cat.: (dpl)206376: प्रसून,प्रणय, आत्मिक संवाद /, 2023
